| 000 | 00391nam a2200157Ia 4500 | ||
|---|---|---|---|
| 008 | 220204s9999 xx 000 0 und d | ||
| 082 |
_a678.5 _bFRI |
||
| 245 | 0 | _aPlastics foams. Pt 1 | |
| 260 |
_aNew York _bMarcel Dekker _c1972 |
||
| 650 | _aLatex foam | ||
| 650 | _aPolyurethane foam | ||
| 650 | _aRubber foam | ||
| 700 | _aFrisch, Kurt C | ||
| 700 | _aSanders, James H | ||
| 942 | _cBK | ||
| 999 |
_c23724 _d23724 |
||